000 00426nam a2200145Ia 4500
005 20251222140100.0
008 251222s1900||||xx |||||||||||||| ||spa||
020 _a8460021572
082 _a223.2/S21
100 _aSancho Andreu, Jaime
245 0 _aLos Formularios Eucarísticos de los Domingos de Quotidiano en el Rito Hispánico:
250 _a1ra. ed.
264 _bFacultad de Teología San Vicente Ferrer
942 _cLIB
999 _c3906
_d3906